Statistics for Percy Jackson - Lightning Thief Characters Quiz

Click here to take the quiz!

General Stats

  • This quiz has been taken 114 times
  • The average score is 18 of 22

Answer Stats

Hint Answer % Correct
Main Character:Perseus Jackson
100%
SatyrGrover Underwood
100%
Characters girlfriend:Annabeth Chase
99%
God of WarAres
99%
God of the DeadHades
99%
God of ThunderZeus
98%
Annabeth's momAthena
97%
Traitor with a scar.Luke Castellan
97%
Activities DirectorChiron
97%
Main Characters motherSally Jackson
97%
Main Characters fatherPoseidon
96%
Main Characters StepdadGabe Ugliano
96%
Pretends to be Aunty EmMedusa
91%
God of WineDionysus
90%
Evil god who talks to Percy in his dreamsKronos
85%
Percy killed this because it took away his momMinotaur
84%
Annoying kid at Yancy AcademyNancy Bobofit
78%
Monster TeacherMrs. Dodds
70%
Three headed dogCerberus
58%
Enemy at campClarisse La Rue
48%
Owns a water bed storeCrusty
42%
Evil lady with the Chimera on the ArchEchnida
4%

Score Distribution

Percentile by Number Answered

Percent of People with Each Score

Your Score History

You have not taken this quiz